000 00641nam a2200241Ia 4500
003 OSt
005 20221007062706.0
006 a|||||r|||| 00| 0
007 ta
008 221006b |||||||| |||| 00| 0 eng d
020 _a9783848724246
024 _a44,834
037 _cTextual
040 _aFLL
_cFLL
_beng
041 _2eng
_aeng
082 _aWxM64:g(Z), Q5
100 _aBUSS Andreas E.
_9683223
245 0 _aEconomics ethics of world religions and their laws
260 _aBaden
_b#NAME?
_c2015
300 _a219p.
_ccm.
942 _hWxM64:g(Z), Q5
_cTEXL
_2CC
999 _c1129299
_d1129299